[Event "EUR-chT Seniors 65"]
[Site "Prague"]
[Date "2021.09.04"]
[Round "6.1"]
[White "Jeute, Peter"]
[Black "Modrova, Hana"]
[Result "1-0"]
[WhiteElo "1866"]
[BlackElo "1816"]
[PlyCount "71"]
[EventDate "2021.08.30"]
[EventType "team-swiss"]
[EventRounds "9"]
[EventCountry "CZE"]
[SourceTitle "CBM 204 Extra"]
[Source "ChessBase"]
[SourceDate "2021.11.30"]
[SourceVersion "1"]
[SourceVersionDate "2021.11.30"]
[SourceQuality "1"]
[WhiteTeam "Dresden Springer 65"]
[BlackTeam "Czech Republic (Women) 65"]
[WhiteTeamCountry "GER"]
[BlackTeamCountry "CZE"]

1. d4 d6 2. Nf3 Nf6 3. e3 Bg4 4. Be2 c6 5. b3 Nbd7 6. Bb2 e6 7. Nbd2 Be7 8. 0-0 d5 9. c4 0-0 10. h3 Bh5 11. Ne5 Bxe2 12. Qxe2 Nxe5 13. dxe5 Nd7 14. cxd5 cxd5 15. e4 Nb6 16. exd5 Nxd5 17. Rfd1 Qd7 18. Nc4 Qb5 19. Qg4 Rad8 20. Rd3 g6 21. Rg3 Bc5 22. h4 Qe8 23. Rd1 f5 24. Qf3 Qe7 25. Rh3 f4 26. Qg4 Rf5 27. Kf1 Kg7 28. Nd6 Bxf2 29. Kxf2 Ne3 30. Rxe3 fxe3+ 31. Kxe3 Rff8 32. Ba3 Qc7 33. Nc4 Rxd1 34. Bxf8+ Kxf8 35. Qxd1 b5 36. Qd6+ 1-0

[Event "CZE-ch Betsys Online Blitz"]
[Site "Chess.com INT"]
[Date "2021.04.17"]
[Round "6"]
[White "Svoboda, Petr"]
[Black "Modrova, Hana"]
[Result "1-0"]
[WhiteElo "2088"]
[BlackElo "1816"]
[PlyCount "73"]
[EventDate "2021.04.17"]
[EventType "swiss (blitz)"]
[EventRounds "13"]
[EventCountry "CZE"]
[SourceTitle "CBM 201 Extra"]
[Source "ChessBase"]
[SourceDate "2021.05.31"]
[SourceVersion "1"]
[SourceVersionDate "2021.05.31"]
[SourceQuality "1"]

1. Nf3 d6 2. d4 Nf6 3. Nc3 c6 4. e4 Bg4 5. h3 Bh5 6. g4 Bg6 7. Bd3 e6 8. 0-0 Be7 9. Bf4 d5 10. e5 Nfd7 11. Bg3 c5 12. Nb5 Nc6 13. Nd6+ Bxd6 14. exd6 cxd4 15. Bxg6 hxg6 16. Nxd4 Rxh3 17. Kg2 Rh7 18. Nb5 Rc8 19. Re1 Qb6 20. Qxd5 Kf8 21. Qb3 a6 22. Nc7 Qxb3 23. axb3 e5 24. c4 Nd8 25. b4 f6 26. c5 Ne6 27. Nd5 Nd4 28. Ne7 Re8 29. Nxg6+ Kf7 30. Ne7 Ne6 31. Nd5 g6 32. Rac1 Nd4 33. f4 exf4 34. Rxe8 f3+ 35. Kf2 Kxe8 36. Rc3 Nc6 37. Rxf3 1-0

[Event "Wch Seniors 65 (Women) 26th"]
[Site "Marianske Lazne"]
[Date "2016.11.21"]
[Round "3"]
[White "Gaprindashvili, Nona"]
[Black "Modrova, Hana"]
[Result "1-0"]
[WhiteElo "2311"]
[BlackElo "1842"]
[PlyCount "59"]
[EventDate "2016.11.19"]
[EventType "swiss"]
[EventRounds "9"]
[EventCountry "CZE"]
[SourceTitle "CBM 175 Extra"]
[Source "ChessBase"]
[SourceDate "2016.12.12"]
[SourceVersion "1"]
[SourceVersionDate "2016.12.12"]
[SourceQuality "1"]

1. d4 Nf6 2. c4 d6 3. Nc3 Bg4 4. f3 Bh5 5. e4 e6 6. Nge2 c6 7. h4 h6 8. g4 Bg6 9. Nf4 Bh7 10. g5 Nfd7 11. g6 e5 12. gxh7 exf4 13. Bxf4 Nf6 14. Qd2 Nbd7 15. e5 dxe5 16. dxe5 Nh5 17. 0-0-0 Qe7 18. Bh2 Rd8 19. Bh3 Nb6 20. Qxd8+ Qxd8 21. Rxd8+ Kxd8 22. Rd1+ Ke8 23. Ne4 Be7 24. b3 Rxh7 25. a4 a5 26. Bg1 Nf4 27. Bxb6 Nxh3 28. Be3 Bxh4 29. Nd6+ Ke7 30. Nf5+ 1-0

[Event "Dortmund op-A"]
[Site "Dortmund"]
[Date "2004.07.28"]
[Round "6"]
[White "Modrova, Hana"]
[Black "Osthoff, Michael"]
[Result "1-0"]
[WhiteElo "2054"]
[BlackElo "2141"]
[PlyCount "76"]
[EventDate "2004.07.??"]
[EventType "swiss"]
[EventRounds "9"]
[EventCountry "GER"]
[SourceTitle "EXT 2006"]
[Source "ChessBase"]
[SourceDate "2005.11.24"]
[SourceVersion "1"]
[SourceVersionDate "2005.11.24"]
[SourceQuality "1"]

1. d4 Nf6 2. Nf3 g6 3. Bg5 d5 4. h3 Bg7 5. Nbd2 Nbd7 6. e3 c5 7. c3 Qc7 8. Bd3 0-0 9. 0-0 e5 10. dxe5 Nxe5 11. Nxe5 Qxe5 12. Bf4 Qe7 13. Re1 Nh5 14. Bh2 Bd7 15. e4 d4 16. e5 dxc3 17. bxc3 Bh6 18. Ne4 Bc6 19. Qg4 Rad8 20. Rad1 Ba4 21. Nd6 Bxd1 22. Rxd1 b6 23. f4 Rxd6 24. exd6 Qxd6 25. Bxg6 Qxg6 26. Qd7 Bxf4 27. Rd3 Bxh2+ 28. Kxh2 Qe6 29. Qc7 Re8 30. Rd8 Rxd8 31. Qxd8+ Kg7 32. Qg5+ Qg6 33. Qe5+ Nf6 34. Qc7 h5 35. Qxa7 Ne4 36. Qb7 Nxc3 37. Qc7 Nxa2 38. Qe5+ Kh7 1-0

[Event "Dortmund op-A"]
[Site "Dortmund"]
[Date "2004.07.26"]
[Round "4"]
[White "Modrova, Hana"]
[Black "Meyer, Gerd"]
[Result "1/2-1/2"]
[WhiteElo "2054"]
[BlackElo "2118"]
[PlyCount "70"]
[EventDate "2004.07.??"]
[EventType "swiss"]
[EventRounds "9"]
[EventCountry "GER"]
[SourceTitle "EXT 2006"]
[Source "ChessBase"]
[SourceDate "2005.11.24"]
[SourceVersion "1"]
[SourceVersionDate "2005.11.24"]
[SourceQuality "1"]

1. d4 d5 2. Nf3 e6 3. c3 c5 4. Bf4 Nc6 5. e3 Nf6 6. Nbd2 h6 7. h3 Bd6 8. Bxd6 Qxd6 9. Bd3 cxd4 10. exd4 0-0 11. 0-0 b6 12. Re1 Bb7 13. Ne5 Nd7 14. Nxd7 Qxd7 15. Qh5 Rae8 16. Re3 Qd6 17. Rae1 Kh8 18. Nf3 Qf4 19. g3 Qf6 20. h4 Kg8 21. Nh2 g6 22. Qxh6 Qg7 23. Qg5 Ne7 24. Qe5 Qxe5 25. Rxe5 Kg7 26. Nf3 Nc6 27. R5e3 a6 28. a3 Re7 29. Kh2 Rfe8 30. b4 Rc8 31. Ng1 Nb8 32. Bf1 Rec7 33. Rc1 Bc6 34. Nf3 Ba4 35. Ne5 b5 1/2-1/2

[Event "CZE-ch (Women)"]
[Site "Karlovy Vary"]
[Date "2004.02.25"]
[Round "7"]
[White "Herberova, Helena"]
[Black "Modrova, Hana"]
[Result "1/2-1/2"]
[WhiteElo "2049"]
[BlackElo "2079"]
[PlyCount "64"]
[EventDate "2004.02.17"]
[EventType "swiss"]
[EventRounds "9"]
[EventCountry "CZE"]
[SourceTitle "EXT 2005"]
[Source "ChessBase"]
[SourceDate "2004.11.15"]
[SourceVersion "1"]
[SourceVersionDate "2004.11.15"]
[SourceQuality "1"]

1. d4 d6 2. c4 Nf6 3. Nc3 c6 4. e4 Nbd7 5. Be3 e5 6. d5 Be7 7. Nf3 Ng4 8. Qd2 Nxe3 9. Qxe3 0-0 10. Be2 Nf6 11. h3 h6 12. Nh2 Nh7 13. Nf3 Ng5 14. 0-0 f5 15. Nxg5 Bxg5 16. Qd3 fxe4 17. Nxe4 Bf5 18. Bf3 c5 19. Qe2 Qd7 20. Nxg5 hxg5 21. g4 Bg6 22. Be4 Bxe4 23. Qxe4 Rf4 24. Qe2 Raf8 25. b3 Rf3 26. Kg2 Qf7 27. Rad1 Qf4 28. Rd3 e4 29. Re3 Rxe3 30. fxe3 Qxf1+ 31. Qxf1 Rxf1 32. Kxf1 Kf7 1/2-1/2

[Event "Czechia op (Women)"]
[Site "Czech Republic"]
[Date "2003.??.??"]
[Round "9"]
[White "Smistikova, Ksenia"]
[Black "Modrova, Hana"]
[Result "1-0"]
[WhiteElo "2135"]
[BlackElo "2075"]
[PlyCount "77"]
[EventDate "2003.??.??"]
[EventType "swiss"]
[EventRounds "9"]
[EventCountry "CZE"]
[SourceTitle "EXT 2007"]
[Source "ChessBase"]
[SourceDate "2006.11.23"]
[SourceVersion "1"]
[SourceVersionDate "2006.11.23"]
[SourceQuality "1"]

1. e4 d6 2. d4 Nf6 3. Nc3 c6 4. h3 b5 5. a3 a5 6. g4 Qc7 7. Bg2 Bb7 8. Nce2 e5 9. Ng3 g6 10. N1e2 Bg7 11. 0-0 0-0 12. c3 Nbd7 13. f4 Rad8 14. f5 Nb6 15. g5 Nfd7 16. f6 Bh8 17. h4 d5 18. exd5 Nxd5 19. Qc2 c5 20. Be4 cxd4 21. cxd4 Qxc2 22. Bxc2 Rfe8 23. Ne4 Rc8 24. Bd3 exd4 25. Nd6 Ne3 26. Nxb7 Nxf1 27. Kxf1 Rc7 28. Nd6 Re6 29. Nxb5 Rc8 30. Nexd4 Ree8 31. Nd6 Nxf6 32. Nxc8 Rxc8 33. gxf6 Bxf6 34. Ne2 Bxh4 35. Be3 Re8 36. Bd4 Rd8 37. Rc1 h5 38. Rc5 Be7 39. Rxa5 1-0

[Event "Jirasek Memorial op"]
[Site "Rakovnik"]
[Date "1999.??.??"]
[Round "?"]
[White "Homola, Karel"]
[Black "Modrova, Hana"]
[Result "1/2-1/2"]
[WhiteElo "1840"]
[BlackElo "1935"]
[PlyCount "83"]
[EventDate "1999.??.??"]
[EventType "swiss"]
[EventRounds "9"]
[EventCountry "CZE"]
[SourceTitle "EXT 2000"]
[Source "ChessBase"]
[SourceDate "1999.11.16"]
[SourceVersion "1"]
[SourceVersionDate "1999.11.16"]
[SourceQuality "1"]

1. e4 d6 2. d4 Nf6 3. Nc3 c6 4. e5 dxe5 5. dxe5 Qxd1+ 6. Nxd1 Nd5 7. c4 Nc7 8. Be3 Bf5 9. Nf3 e6 10. Bd4 Nba6 11. Bc3 Nb4 12. Ne3 0-0-0 13. Nd4 Bg6 14. a3 Nd3+ 15. Bxd3 Bxd3 16. 0-0-0 Bg6 17. h4 h5 18. Ne2 Bc5 19. Bd2 Bxe3 20. Bxe3 Bd3 21. Nf4 Bxc4 22. Bxa7 Nd5 23. Nxd5 Bxd5 24. f3 Bb3 25. Rxd8+ Rxd8 26. Bc5 Rd5 27. Bd6 Kd7 28. f4 Rd3 29. Bb4 Rg3 30. Rh3 Rxh3 31. gxh3 Bd5 32. Bf8 g6 33. Kd2 b6 34. Kc3 Kc7 35. Kb4 Kb7 36. Be7 Ka6 37. Bd8 c5+ 38. Kc3 Kb5 39. Bc7 Kc6 40. Bd8 Bg2 41. b4 Bxh3 42. a4 1/2-1/2

[Event "Jirasek Memorial op"]
[Site "Rakovnik"]
[Date "1999.??.??"]
[Round "?"]
[White "Kohout, Josef"]
[Black "Modrova, Hana"]
[Result "1-0"]
[WhiteElo "2055"]
[BlackElo "1935"]
[PlyCount "55"]
[EventDate "1999.??.??"]
[EventType "swiss"]
[EventRounds "9"]
[EventCountry "CZE"]
[SourceTitle "EXT 2000"]
[Source "ChessBase"]
[SourceDate "1999.11.16"]
[SourceVersion "1"]
[SourceVersionDate "1999.11.16"]
[SourceQuality "1"]

1. e4 d6 2. d4 Nf6 3. Nc3 c6 4. f4 Qa5 5. Bd3 e5 6. Nf3 Bg4 7. Be3 exf4 8. Bxf4 Nbd7 9. 0-0 Be7 10. h3 Bxf3 11. Qxf3 0-0-0 12. Rab1 g5 13. b4 Qb6 14. Be3 Rdg8 15. d5 Qc7 16. dxc6 Qxc6 17. Nb5 Kd8 18. Nxa7 Qc7 19. Nb5 Qc8 20. Rb3 g4 21. hxg4 Rxg4 22. Rc3 Qb8 23. Ba7 Qa8 24. Qe3 Rhg8 25. Bb6+ Nxb6 26. Qxb6+ Kd7 27. Rc7+ Ke8 28. Rxe7+ 1-0

[Event "Jirasek Memorial op"]
[Site "Rakovnik"]
[Date "1999.??.??"]
[Round "?"]
[White "Modrova, Hana"]
[Black "Koutecky, Vaclav"]
[Result "1/2-1/2"]
[WhiteElo "1935"]
[BlackElo "1960"]
[PlyCount "54"]
[EventDate "1999.??.??"]
[EventType "swiss"]
[EventRounds "9"]
[EventCountry "CZE"]
[SourceTitle "EXT 2000"]
[Source "ChessBase"]
[SourceDate "1999.11.16"]
[SourceVersion "1"]
[SourceVersionDate "1999.11.16"]
[SourceQuality "1"]

1. d4 Nf6 2. Nf3 g6 3. Bf4 Bg7 4. c3 d6 5. h3 0-0 6. Nbd2 Nbd7 7. e4 c5 8. Be2 b6 9. 0-0 Bb7 10. e5 Ne8 11. Re1 cxd4 12. cxd4 Rc8 13. e6 fxe6 14. Ng5 Bd5 15. Bg4 Nc7 16. Bg3 Bxd4 17. Bxe6+ Bxe6 18. Nxe6 Nxe6 19. Rxe6 Nc5 20. Re2 Bxb2 21. Rb1 Bg7 22. Nf3 Kh8 23. Rb4 Rf5 24. Bh4 Bf6 25. Bxf6+ exf6 26. Rd4 Nb7 27. Qa4 Ra5 1/2-1/2

[Event "Jirasek Memorial op"]
[Site "Rakovnik"]
[Date "1999.??.??"]
[Round "?"]
[White "Modrova, Hana"]
[Black "Sochor, Frantisek"]
[Result "1-0"]
[WhiteElo "1935"]
[BlackElo "1810"]
[PlyCount "75"]
[EventDate "1999.??.??"]
[EventType "swiss"]
[EventRounds "9"]
[EventCountry "CZE"]
[SourceTitle "EXT 2000"]
[Source "ChessBase"]
[SourceDate "1999.11.16"]
[SourceVersion "1"]
[SourceVersionDate "1999.11.16"]
[SourceQuality "1"]

1. d4 d5 2. Nf3 Bf5 3. Bf4 Nf6 4. e3 e6 5. h3 h6 6. Be2 c5 7. c3 Nbd7 8. Nbd2 c4 9. 0-0 b5 10. a3 Ne4 11. Nxe4 Bxe4 12. Ne5 Nxe5 13. Bxe5 Bd6 14. Bxd6 Qxd6 15. f4 0-0 16. Qe1 Qe7 17. Bg4 f5 18. Bf3 Bxf3 19. Rxf3 h5 20. Rg3 Kh7 21. Rg5 g6 22. Qh4 Qf7 23. Kf2 Rg8 24. g4 Kh6 25. Rg1 a5 26. gxh5 gxh5 27. Rxg8 Rxg8 28. Rxg8 Qxg8 29. Qf6+ Qg6 30. Qd8 a4 31. Qe7 Qg8 32. Qf6+ Qg6 33. Qh8+ Qh7 34. Qe8 Qg6 35. Qh8+ Qh7 36. Qd8 Qg6 37. Kf3 Qg1 38. Qh8+ 1-0

[Event "Jirasek Memorial op"]
[Site "Rakovnik"]
[Date "1999.??.??"]
[Round "?"]
[White "Pliva, Vojtech"]
[Black "Modrova, Hana"]
[Result "1/2-1/2"]
[WhiteElo "2090"]
[BlackElo "1935"]
[PlyCount "24"]
[EventDate "1999.??.??"]
[EventType "swiss"]
[EventRounds "9"]
[EventCountry "CZE"]
[SourceTitle "EXT 2000"]
[Source "ChessBase"]
[SourceDate "1999.11.16"]
[SourceVersion "1"]
[SourceVersionDate "1999.11.16"]
[SourceQuality "1"]

1. Nf3 d6 2. d4 Nf6 3. c4 c6 4. Nc3 Bg4 5. g3 Nbd7 6. Bg2 e5 7. 0-0 Be7 8. b3 0-0 9. Bb2 Re8 10. h3 Bh5 11. e4 Bf8 12. Re1 h6 1/2-1/2